Diplomacy (Record no. 424608)

000 -LEADER
fixed length control field 00307cam a22001217a 4500
008 - FIXED-LENGTH DATA ELEMENTS--GENERAL INFORMATION
fixed length control field 180718b1953 xxu||||| |||| 00| 0 eng d
082 ## - DEWEY DECIMAL CLASSIFICATION NUMBER
Classification number D1 P884
100 ## - MAIN ENTRY--PERSONAL NAME
Personal name Prakash, A.
245 ## - TITLE STATEMENT
Title Diplomacy
Statement of responsibility, etc. by A. Prakash
260 ## - PUBLICATION, DISTRIBUTION, ETC.
Place of publication, distribution, etc. Coimbatore
Name of publisher, distributor, etc. The Topical Book Company
Date of publication, distribution, etc. 1953
300 ## - PHYSICAL DESCRIPTION
Extent 36p
650 ## - SUBJECT ADDED ENTRY--TOPICAL TERM
Topical term or geographic name entry element Diplimacy
Holdings
Withdrawn status Lost status Damaged status Not for loan Permanent Location Current Location Date acquired Full call number Barcode Date last seen Price effective from Koha item type
        Indian Institute of Public Administration Indian Institute of Public Administration 2009-09-23 D1 P884 9074 2018-07-21 2018-07-21 Book

Powered by Koha